| 000 | 00566nam a22002057a 4500 | ||
|---|---|---|---|
| 003 | OSt | ||
| 005 | 20150924154243.0 | ||
| 008 | 140506b xxu||||| |||| 00| 0 eng d | ||
| 020 | _a9780071079846 | ||
| 050 |
_aQA 152.2 _b.M837 2010 |
||
| 100 | _aDugopolski, Mark. | ||
| 245 |
_aAlgebra : _bfor college students / _cMark Dugopolski. |
||
| 250 | _a5th edition. | ||
| 260 |
_aNew York : _bMcGraw-Hill, _c2010. |
||
| 300 |
_axxxiv. 880 pages : _billustrations ; _c22 cm. |
||
| 500 | _aIncludes index. | ||
| 650 | _aAlgebra. | ||
| 942 |
_2lcc _cBK |
||
| 999 |
_c115811 _d115811 |
||